[Event "FSIM-B 2006.08"]
[Site "Budapest HUN"]
[Date "2006.08.09"]
[Round "5"]
[White "Radnai, Adam"]
[Black "Kaufman, Raymond"]
[Result "1-0"]
[WhiteElo "2246"]
[BlackElo "2274"]
[PlyCount "117"]
[GameId "2129405110976117"]
[EventDate "2006.08.05"]
[EventType "tourn"]
[EventRounds "13"]
[EventCountry "HUN"]
[EventCategory "1"]
[SourceTitle "The Week in Chess 614"]
[Source "Mark Crowther"]
[SourceDate "2006.08.14"]
[SourceVersion "1"]
[SourceVersionDate "2006.08.14"]
[SourceQuality "2"]

1. e4 c5 2. Nf3 e6 3. d3 Nc6 4. g3 Bd6 5. Bg2 Nge7 6. O-O Bc7 7. c3 O-O 8. Nh4 Ng6 9. Nxg6 hxg6 10. f4 d5 11. Qf3 d4 12. Na3 dxc3 13. bxc3 b6 14. Rd1 Ba6 15. Be3 Qe7 16. Nc2 Na5 17. Rac1 Rfd8 18. Ne1 Rd7 19. Bf1 Rad8 20. Bf2 Bb7 21. Qe2 f5 22. e5 g5 23. Qh5 g4 24. h3 gxh3 25. Bxh3 g5 26. g4 Qg7 27. gxf5 gxf4+ 28. Kf1 Qh7 29. Qxh7+ Rxh7 30. Bg2 Bxg2+ 31. Kxg2 Bxe5 32. fxe6 Nc6 33. d4 Bd6 34. Nf3 cxd4 35. cxd4 Ne7 36. Bh4 Re8 37. Bxe7 Rhxe7 38. d5 Rg7+ 39. Kf1 Rg3 40. Kf2 Kf8 41. Rc6 Ke7 42. Nd4 Rf8 43. Kf1 f3 44. Rd3 Rh3 45. Kf2 Rh2+ 46. Kf1 Rh1+ 47. Kf2 Bc5 48. Rxc5 bxc5 49. Nxf3 Rh2+ 50. Kg3 Rxa2 51. Ng5 Rg8 52. Kf4 Ra4+ 53. Kf5 Rd4 54. Rxd4 cxd4 55. Ne4 d3 56. d6+ Kf8 57. Kf6 d2 58. Nxd2 Rg1 59. d7 1-0

[Event "FSIM-B 2006.08"]
[Site "Budapest HUN"]
[Date "2006.08.11"]
[Round "7"]
[White "Torok, Sandor"]
[Black "Kaufman, Raymond"]
[Result "1-0"]
[WhiteElo "2311"]
[BlackElo "2274"]
[PlyCount "35"]
[GameId "2129405110976130"]
[EventDate "2006.08.05"]
[EventType "tourn"]
[EventRounds "13"]
[EventCountry "HUN"]
[EventCategory "1"]
[SourceTitle "The Week in Chess 614"]
[Source "Mark Crowther"]
[SourceDate "2006.08.14"]
[SourceVersion "1"]
[SourceVersionDate "2006.08.14"]
[SourceQuality "2"]

1. e4 c5 2. Nf3 e6 3. d4 cxd4 4. Nxd4 a6 5. Bd3 Nc6 6. Be3 Nf6 7. O-O Qc7 8. Nxc6 Qxc6 9. Nd2 Bc5 10. e5 Bxe3 11. fxe3 Nd5 12. Qh5 g6 13. Qh6 Qc5 14. Nc4 Rf8 15. Nd6+ Ke7 16. Qh4+ f6 17. Qxh7+ Kd8 18. Qg7 1-0

[Event "FSIM-B 2006.08"]
[Site "Budapest HUN"]
[Date "2006.08.13"]
[Round "9"]
[White "Nagy, Bence"]
[Black "Kaufman, Raymond"]
[Result "1-0"]
[WhiteElo "2355"]
[BlackElo "2274"]
[PlyCount "121"]
[GameId "2129405110976138"]
[EventDate "2006.08.05"]
[EventType "tourn"]
[EventRounds "13"]
[EventCountry "HUN"]
[EventCategory "1"]
[SourceTitle "The Week in Chess 615"]
[Source "Mark Crowther"]
[SourceDate "2006.08.21"]
[SourceVersion "1"]
[SourceVersionDate "2006.08.21"]
[SourceQuality "2"]

1. e4 c5 2. Nf3 e6 3. d4 cxd4 4. Nxd4 a6 5. Bd3 Bc5 6. Nb3 Be7 7. Qg4 g6 8. Qg3 d6 9. Nc3 Nd7 10. Be3 Ngf6 11. O-O-O b5 12. f4 b4 13. Na4 Bb7 14. e5 Nd5 15. exd6 Bxd6 16. Nac5 Nxc5 17. Nxc5 Bc6 18. Ne4 Bc7 19. Kb1 Qb8 20. Bc5 f5 21. Ng5 Nc3+ 22. Ka1 Nxd1 23. Rxd1 Bxf4 24. Qe1 Qe5 25. Nxe6 Qxe1 26. Rxe1 Bd2 27. Re2 Kd7 28. Rxd2 Kxe6 29. Bc4+ Ke5 30. Bd4+ Kf4 31. Bxh8 Rxh8 32. Rf2+ Kg5 33. Bxa6 Re8 34. b3 Re1+ 35. Kb2 f4 36. Bf1 Be4 37. Be2 Rh1 38. Bf3 Kf5 39. g4+ fxg3 40. hxg3 Bxf3 41. Rxf3+ Kg4 42. Rd3 Rh2 43. Rd4+ Kxg3 44. Rxb4 h5 45. a4 h4 46. Rb6 g5 47. a5 Rf2 48. a6 Rf8 49. Rh6 h3 50. b4 h2 51. b5 Ra8 52. Kb3 Kg2 53. Kb4 h1=Q 54. Rxh1 Kxh1 55. Ka5 g4 56. b6 g3 57. b7 Rg8 58. a7 Rg5+ 59. Kb4 g2 60. a8=Q g1=Q 61. b8=Q+ 1-0

[Event "FSIM-B 2006.08"]
[Site "Budapest HUN"]
[Date "2006.08.14"]
[Round "10"]
[White "Kaufman, Raymond"]
[Black "Natsidis, Christoph"]
[Result "1-0"]
[WhiteElo "2274"]
[BlackElo "2182"]
[PlyCount "41"]
[GameId "2129405110976146"]
[EventDate "2006.08.05"]
[EventType "tourn"]
[EventRounds "13"]
[EventCountry "HUN"]
[EventCategory "1"]
[SourceTitle "The Week in Chess 615"]
[Source "Mark Crowther"]
[SourceDate "2006.08.21"]
[SourceVersion "1"]
[SourceVersionDate "2006.08.21"]
[SourceQuality "2"]

1. Nf3 d5 2. d4 e6 3. c4 c6 4. Nbd2 f5 5. g3 Nf6 6. Bg2 Nbd7 7. O-O Bd6 8. b3 O-O 9. Bb2 Ne4 10. Ne1 b6 11. Nd3 Ba6 12. Rc1 Nxd2 13. Qxd2 Rc8 14. cxd5 exd5 15. Rxc6 Nf6 16. Rxc8 Bxc8 17. Rc1 Ne4 18. Qc2 Bb7 19. Ne5 Qg5 20. Qd3 f4 21. Bxe4 1-0

[Event "FSIM-B 2006.08"]
[Site "Budapest HUN"]
[Date "2006.08.15"]
[Round "11"]
[White "Malada, Vinko"]
[Black "Kaufman, Raymond"]
[Result "0-1"]
[WhiteElo "2256"]
[BlackElo "2274"]
[PlyCount "88"]
[GameId "2129405110976149"]
[EventDate "2006.08.05"]
[EventType "tourn"]
[EventRounds "13"]
[EventCountry "HUN"]
[EventCategory "1"]
[SourceTitle "The Week in Chess 615"]
[Source "Mark Crowther"]
[SourceDate "2006.08.21"]
[SourceVersion "1"]
[SourceVersionDate "2006.08.21"]
[SourceQuality "2"]

1. d4 f5 2. Nc3 Nf6 3. Bg5 d5 4. Bxf6 exf6 5. e3 Be6 6. Qf3 Bd6 7. Bd3 Qd7 8. Nge2 c6 9. h4 h5 10. Ng3 g6 11. Nce2 Qc7 12. Nf4 Bf7 13. Qe2 Nd7 14. O-O-O O-O-O 15. Qd2 c5 16. Bb5 Nb6 17. dxc5 Qxc5 18. Bd3 Nc4 19. Bxc4 dxc4 20. Qd4 Qxd4 21. Rxd4 Be5 22. Rxd8+ Rxd8 23. c3 g5 24. Nfe2 f4 25. exf4 gxf4 26. Nf5 Be6 27. Ned4 Bd7 28. Rd1 Kc7 29. Ng7 Rg8 30. Nge6+ Kd6 31. Ng7 Kc7 32. Nge6+ Kb6 33. Nf3 Bxe6 34. Nxe5 fxe5 35. Rd6+ Kc5 36. Rxe6 Kd5 37. Rh6 Rxg2 38. f3 Rf2 39. Rxh5 Rxf3 40. Rh8 Rh3 41. h5 f3 42. Kd2 Ke4 43. Rg8 Rh2+ 44. Ke1 Ke3 0-1

[Event "CZE-op A"]
[Site "Pardubice CZE"]
[Date "2006.07.21"]
[Round "1"]
[White "Kaufman, Raymond"]
[Black "Shanava, Konstantine"]
[Result "1-0"]
[WhiteElo "2274"]
[BlackElo "2490"]
[PlyCount "71"]
[GameId "2129405111324808"]
[EventDate "2006.07.21"]
[EventType "swiss"]
[EventRounds "9"]
[EventCountry "CZE"]
[SourceTitle "The Week in Chess 611"]
[Source "Mark Crowther"]
[SourceDate "2006.07.24"]
[SourceVersion "1"]
[SourceVersionDate "2006.07.24"]
[SourceQuality "2"]

1. Nf3 Nf6 2. c4 b6 3. g3 Bb7 4. Bg2 g6 5. d4 Bg7 6. O-O O-O 7. d5 c5 8. Nc3 d6 9. Bf4 Nbd7 10. h3 Ne8 11. Qd2 Ne5 12. Nxe5 dxe5 13. Bh6 Bxh6 14. Qxh6 Nd6 15. b3 f6 16. Qd2 a6 17. a4 Bc8 18. e4 Bd7 19. f4 Nf7 20. Kh2 Qc7 21. Qe3 Qd6 22. Bf3 Kh8 23. Be2 Rab8 24. a5 bxa5 25. Bd1 Qc7 26. Bc2 exf4 27. gxf4 g5 28. e5 gxf4 29. Qd3 f5 30. d6 Qb7 31. dxe7 Rg8 32. Nd5 Rg3 33. Rf3 Be6 34. Rxg3 fxg3+ 35. Qxg3 Bxd5 36. Rg1 1-0

[Event "CZE-op A"]
[Site "Pardubice CZE"]
[Date "2006.07.22"]
[Round "2"]
[White "Klima, Lulas"]
[Black "Kaufman, Raymond"]
[Result "1-0"]
[WhiteElo "2443"]
[BlackElo "2274"]
[PlyCount "131"]
[GameId "2129405111324906"]
[EventDate "2006.07.21"]
[EventType "swiss"]
[EventRounds "9"]
[EventCountry "CZE"]
[SourceTitle "The Week in Chess 611"]
[Source "Mark Crowther"]
[SourceDate "2006.07.24"]
[SourceVersion "1"]
[SourceVersionDate "2006.07.24"]
[SourceQuality "2"]

1. d4 d5 2. Nf3 Nf6 3. c4 c6 4. Nc3 dxc4 5. a4 Bf5 6. e3 e6 7. Bxc4 Bb4 8. O-O Nbd7 9. Qe2 O-O 10. Nh4 Bg4 11. f3 Bh5 12. g4 Nd5 13. Qf2 Bg6 14. Nxg6 hxg6 15. Na2 Bd6 16. Rd1 Qe7 17. Nc3 Rac8 18. Bf1 c5 19. e4 Nb4 20. d5 c4 21. Be3 exd5 22. Nxd5 Nxd5 23. Rxd5 Nf6 24. Rd2 Bc5 25. Rc1 Bxe3 26. Qxe3 Qb4 27. e5 Rfe8 28. Rc3 Rc5 29. e6 Rxe6 30. Rd8+ Kh7 31. Qf2 Qb6 32. Rd4 Nd5 33. Rcxc4 Rxc4 34. Bxc4 Re1+ 35. Bf1 Nf6 36. Rd2 Re3 37. a5 Qc5 38. Rd3 Re5 39. Qxc5 Rxc5 40. b4 Rc4 41. g5 Nh5 42. Rd7 Rxb4 43. Rxf7 Nf4 44. Kf2 Ra4 45. h4 Nh5 46. Bd3 Rxa5 47. Rxb7 Ra2+ 48. Ke3 Ra4 49. Be4 Ng3 50. Kf4 Nxe4 51. fxe4 a5 52. Rb8 Ra1 53. Ra8 a4 54. Ke5 a3 55. Ke6 Re1 56. e5 Re3 57. Kd5 Rd3+ 58. Kc5 a2 59. Rxa2 Kg8 60. Rf2 Rd1 61. e6 Re1 62. Kd6 Rd1+ 63. Ke7 Rd3 64. Ke8 Rd1 65. e7 Rd3 66. h5 1-0

[Event "CZE-op A"]
[Site "Pardubice CZE"]
[Date "2006.07.25"]
[Round "5"]
[White "Kaufman, Raymond"]
[Black "Kireev, Aleksei"]
[Result "1/2-1/2"]
[WhiteElo "2274"]
[BlackElo "2382"]
[PlyCount "103"]
[GameId "2129405111325232"]
[EventDate "2006.07.21"]
[EventType "swiss"]
[EventRounds "9"]
[EventCountry "CZE"]
[SourceTitle "The Week in Chess 612"]
[Source "Mark Crowther"]
[SourceDate "2006.07.31"]
[SourceVersion "1"]
[SourceVersionDate "2006.07.31"]
[SourceQuality "2"]

1. d4 g6 2. e4 d6 3. Nc3 c6 4. Be3 e5 5. Bc4 Qe7 6. Nf3 Bg7 7. dxe5 dxe5 8. a4 a5 9. Ng5 Nh6 10. h3 f6 11. Nf3 Nd7 12. O-O Nf7 13. Qe2 O-O 14. Rfd1 Nc5 15. Rd2 Ne6 16. Rad1 Bh6 17. Bxh6 Nxh6 18. Nd5 cxd5 19. exd5 Nf7 20. dxe6 Bxe6 21. Bxe6 Qxe6 22. Qb5 b6 23. Qd7 Rfe8 24. Qxe6 Rxe6 25. Rd7 Rae8 26. Rb7 R8e7 27. Rb8+ Kg7 28. Rd5 Rc7 29. c3 f5 30. Rb5 Rcc6 31. Rb7 Kf6 32. Rxf7+ Kxf7 33. Nxe5+ Rxe5 34. Rxe5 Rc4 35. Rb5 Rxa4 36. Rxb6 Ra1+ 37. Kh2 Rc1 38. g4 Rc2 39. Kg3 fxg4 40. hxg4 a4 41. g5 a3 42. Rf6+ Kg7 43. bxa3 Rxc3+ 44. Rf3 Rc5 45. Kf4 h6 46. gxh6+ Kxh6 47. Ke4 Ra5 48. Kd4 g5 49. Kc4 Ra8 50. Kb3 Rb8+ 51. Ka2 Ra8 52. Kb3 1/2-1/2

[Event "CZE-op A"]
[Site "Pardubice CZE"]
[Date "2006.07.26"]
[Round "6"]
[White "Meister, Peter"]
[Black "Kaufman, Raymond"]
[Result "1-0"]
[WhiteElo "2384"]
[BlackElo "2274"]
[PlyCount "65"]
[GameId "2129405111325374"]
[EventDate "2006.07.21"]
[EventType "swiss"]
[EventRounds "9"]
[EventCountry "CZE"]
[SourceTitle "The Week in Chess 612"]
[Source "Mark Crowther"]
[SourceDate "2006.07.31"]
[SourceVersion "1"]
[SourceVersionDate "2006.07.31"]
[SourceQuality "2"]

1. d4 d6 2. c4 e5 3. Nf3 e4 4. Ng5 Nf6 5. Nc3 Qe7 6. Qc2 Bf5 7. e3 h6 8. Nh3 g5 9. Ng1 c5 10. Nge2 Bg7 11. Ng3 Bg6 12. d5 Nbd7 13. h4 O-O 14. hxg5 hxg5 15. Be2 Rfe8 16. Bd2 Ne5 17. Kf1 Nfg4 18. Qd1 f5 19. Ncxe4 fxe4 20. Bxg4 Nd3 21. Be6+ Kf8 22. Nh5 Nxb2 23. Qe2 Bxh5 24. Rxh5 b5 25. cxb5 Nd3 26. Rb1 Qf6 27. f4 Ke7 28. Kg1 Rh8 29. Rxg5 Qh6 30. Bh3 Bf6 31. Qg4 Bxg5 32. Qd7+ Kf8 33. fxg5 1-0

[Event "CZE-op A"]
[Site "Pardubice CZE"]
[Date "2006.07.29"]
[Round "9"]
[White "Kaufman, Raymond"]
[Black "Zawadzka, Jolanta"]
[Result "1-0"]
[WhiteElo "2274"]
[BlackElo "2378"]
[PlyCount "97"]
[GameId "2129405111325703"]
[EventDate "2006.07.21"]
[EventType "swiss"]
[EventRounds "9"]
[EventCountry "CZE"]
[SourceTitle "The Week in Chess 612"]
[Source "Mark Crowther"]
[SourceDate "2006.07.31"]
[SourceVersion "1"]
[SourceVersionDate "2006.07.31"]
[SourceQuality "2"]

1. e4 c5 2. Nf3 d6 3. d4 cxd4 4. Nxd4 Nf6 5. Nc3 a6 6. f4 e5 7. Nf3 Qc7 8. Bd3 g6 9. O-O Bg7 10. a4 O-O 11. Qe1 Nbd7 12. Qh4 b6 13. f5 Bb7 14. fxg6 fxg6 15. Bd2 Rae8 16. Rf2 Nh5 17. b3 Bf6 18. Qg4 Nf4 19. Bc4+ Kh8 20. Raf1 Nc5 21. Nd5 Bxd5 22. Bxd5 Nxd5 23. exd5 e4 24. Ng5 Bd4 25. Bc3 Qg7 26. Bxd4 Qxd4 27. c3 Qg7 28. Rxf8+ Rxf8 29. Rxf8+ Qxf8 30. b4 h5 31. Qd1 Qf6 32. bxc5 Qxg5 33. Qd4+ Kg8 34. cxb6 Qc1+ 35. Kf2 Qb2+ 36. Ke3 a5 37. c4 Qb1 38. Kf4 Qc1+ 39. Kxe4 Qc2+ 40. Kf3 g5 41. Qe4 g4+ 42. Kf4 Qf2+ 43. Kg5 Qxb6 44. Qe8+ Kg7 45. Qe7+ Kg8 46. Kxh5 Qg1 47. Qe6+ Kf8 48. Kg6 Qa7 49. Qf6+ 1-0

[Event "Balatonlelle IM"]
[Site "Balatonlelle HUN"]
[Date "2006.06.17"]
[Round "1"]
[White "Kaufman, Raymond"]
[Black "Werner, Dimo"]
[Result "1-0"]
[WhiteElo "2230"]
[BlackElo "2333"]
[PlyCount "89"]
[GameId "2129405112129427"]
[EventDate "2006.06.17"]
[EventType "tourn"]
[EventRounds "9"]
[EventCountry "HUN"]
[EventCategory "3"]
[SourceTitle "The Week in Chess 607"]
[Source "Mark Crowther"]
[SourceDate "2006.06.26"]
[SourceVersion "1"]
[SourceVersionDate "2006.06.26"]
[SourceQuality "2"]

1. d4 Nf6 2. c4 c5 3. d5 b5 4. cxb5 e6 5. Nc3 exd5 6. Nxd5 Bb7 7. e4 Nxd5 8. exd5 Be7 9. Ne2 d6 10. Nc3 O-O 11. Be2 Nd7 12. O-O Bf6 13. a4 Bd4 14. Ra3 Nb6 15. a5 Nd7 16. b6 axb6 17. a6 Bc8 18. Nb5 Be5 19. f4 Bf6 20. Nxd6 Bxa6 21. Rxa6 Rxa6 22. Bxa6 Nb8 23. Nxf7 Rxf7 24. Bc4 Kh8 25. Re1 Rf8 26. Kh1 Bd4 27. Re6 Nd7 28. Qh5 Nf6 29. Qh3 Qa8 30. Qa3 Qd8 31. Qf3 b5 32. Bxb5 Nxd5 33. Bd3 Nf6 34. Qh3 h6 35. Qf5 Re8 36. h3 g6 37. Qxg6 Rxe6 38. Qxh6+ Kg8 39. Bc4 Kf7 40. f5 Ke7 41. fxe6 Be5 42. Qg7+ Kd6 43. Qb7 Bg3 44. Bg5 Ke5 45. Bxf6+ 1-0

[Event "Balatonlelle IM"]
[Site "Balatonlelle HUN"]
[Date "2006.06.18"]
[Round "2"]
[White "Nagy, Ervin1"]
[Black "Kaufman, Raymond"]
[Result "1/2-1/2"]
[WhiteElo "2304"]
[BlackElo "2230"]
[PlyCount "96"]
[GameId "2129405112129432"]
[EventDate "2006.06.17"]
[EventType "tourn"]
[EventRounds "9"]
[EventCountry "HUN"]
[EventCategory "3"]
[SourceTitle "The Week in Chess 607"]
[Source "Mark Crowther"]
[SourceDate "2006.06.26"]
[SourceVersion "1"]
[SourceVersionDate "2006.06.26"]
[SourceQuality "2"]

1. e4 e5 2. Nf3 Nc6 3. Bb5 a6 4. Ba4 Nf6 5. Bxc6 dxc6 6. d3 Nd7 7. Nbd2 Be7 8. b3 f6 9. Bb2 Nc5 10. d4 exd4 11. Nxd4 O-O 12. f4 Ne6 13. Nxe6 Bxe6 14. Qf3 a5 15. a4 Bc5 16. Ke2 Qe7 17. Rhd1 Rfd8 18. Kf1 Rd7 19. Qe2 Rad8 20. Nf3 Bg4 21. Rxd7 Rxd7 22. Bc3 Bd4 23. Bxd4 Rxd4 24. Re1 f5 25. Qf2 Rxe4 26. Ng5 Rxe1+ 27. Qxe1 Qxe1+ 28. Kxe1 Kf8 29. Nxh7+ Ke7 30. Kd2 b5 31. Kc3 Kd6 32. Ng5 Bh5 33. Nh3 bxa4 34. bxa4 c5 35. Nf2 Kd5 36. h3 Be8 37. g4 fxg4 38. hxg4 Bxa4 39. f5 Bb5 40. g5 Ke5 41. f6 gxf6 42. Ng4+ Kf5 43. gxf6 Be8 44. Ne3+ Kxf6 45. Nd5+ Ke5 46. Nxc7 Bc6 47. Na6 Kd5 48. Nxc5 Kxc5 1/2-1/2

[Event "Balatonlelle IM"]
[Site "Balatonlelle HUN"]
[Date "2006.06.19"]
[Round "3"]
[White "Kaufman, Raymond"]
[Black "Brueggemann, Joachim"]
[Result "1-0"]
[WhiteElo "2230"]
[BlackElo "2382"]
[PlyCount "80"]
[GameId "2129405112129435"]
[EventDate "2006.06.17"]
[EventType "tourn"]
[EventRounds "9"]
[EventCountry "HUN"]
[EventCategory "3"]
[SourceTitle "The Week in Chess 607"]
[Source "Mark Crowther"]
[SourceDate "2006.06.26"]
[SourceVersion "1"]
[SourceVersionDate "2006.06.26"]
[SourceQuality "2"]

1. d4 Nf6 2. c4 e6 3. Nf3 Bb4+ 4. Nbd2 O-O 5. a3 Bxd2+ 6. Qxd2 d6 7. b4 Qe7 8. Bb2 Nbd7 9. e3 e5 10. dxe5 dxe5 11. Be2 Re8 12. O-O c5 13. Rfd1 e4 14. Ng5 h6 15. Nh3 Ne5 16. Nf4 Bg4 17. Bxg4 Nfxg4 18. Nd5 Qg5 19. Bxe5 Qxe5 20. Nf4 Rac8 21. Qd7 Nf6 22. Qxb7 g5 23. Nd5 Ng4 24. h3 Qh2+ 25. Kf1 Rb8 26. Qd7 Ne5 27. Nf6+ Kf8 28. Qd6+ Kg7 29. Nh5+ Kh7 30. Nf6+ Kg7 31. Nh5+ Kh7 32. Qf6 Rg8 33. Ng3 Rbe8 34. Rd5 Rg6 35. Qf5 f6 36. Rad1 Re7 37. Rxe5 fxe5 38. Rd6 Reg7 39. Nh5 Qh1+ 40. Ke2 Qxg2 1-0

[Event "Balatonlelle IM"]
[Site "Balatonlelle HUN"]
[Date "2006.06.20"]
[Round "4"]
[White "Rombaldoni, Denis"]
[Black "Kaufman, Raymond"]
[Result "0-1"]
[WhiteElo "2322"]
[BlackElo "2230"]
[PlyCount "182"]
[GameId "2129405112129442"]
[EventDate "2006.06.17"]
[EventType "tourn"]
[EventRounds "9"]
[EventCountry "HUN"]
[EventCategory "3"]
[SourceTitle "The Week in Chess 607"]
[Source "Mark Crowther"]
[SourceDate "2006.06.26"]
[SourceVersion "1"]
[SourceVersionDate "2006.06.26"]
[SourceQuality "2"]

1. d4 d6 2. Nf3 Bg4 3. g3 Bxf3 4. exf3 d5 5. c4 e6 6. cxd5 exd5 7. Qb3 b6 8. Bg2 Bd6 9. O-O Ne7 10. f4 c6 11. Nd2 O-O 12. Nf3 Nd7 13. Be3 c5 14. Ne5 Nf6 15. Rac1 Nf5 16. dxc5 Nxe3 17. fxe3 bxc5 18. Bxd5 Rb8 19. Bxf7+ Kh8 20. Qe6 Bxe5 21. fxe5 Rb6 22. Qc4 Rxb2 23. Qc3 Re2 24. Rcd1 Qa8 25. Bd5 Nxd5 26. Rxd5 Rxf1+ 27. Kxf1 Qxd5 28. Kxe2 Qxa2+ 29. Kf3 Qd5+ 30. Kf4 Qf7+ 31. Ke4 Qb7+ 32. Kf5 Qf7+ 33. Ke4 c4 34. Qd4 h6 35. Qd6 c3 36. Qc6 c2 37. Kd3 Qf5+ 38. e4 Qxe5 39. Qxc2 Qb5+ 40. Kd4 Qb4+ 41. Kd5 Qb5+ 42. Kd6 Qb8+ 43. Qc7 Qb4+ 44. Kd5 Qd2+ 45. Ke6 Qxh2 46. Qxa7 Qxg3 47. Qa8+ Kh7 48. e5 h5 49. Qe4+ Kh6 50. Kf7 Qf2+ 51. Kg8 g6 52. e6 Qf6 53. Qb7 Qxe6+ 54. Kf8 Qf6+ 55. Kg8 h4 56. Qd7 Qf5 57. Qd2+ Qg5 58. Qd7 Kh5 59. Qd1+ Qg4 60. Qd5+ Qf5 61. Qd1+ Kh6 62. Qd4 Qe6+ 63. Kf8 Kh5 64. Qh8+ Kg5 65. Qh6+ Kg4 66. Qc1 g5 67. Qd1+ Kf5 68. Kg7 Qf6+ 69. Kg8 g4 70. Qd3+ Kg5 71. Qe3+ Kh5 72. Qe2 h3 73. Kh7 Qh6+ 74. Kg8 Qg5+ 75. Kh7 Qf5+ 76. Kg7 Kh4 77. Qc4 h2 78. Qc6 Qg5+ 79. Kh7 Qf5+ 80. Kg7 Qf3 81. Qh6+ Kg3 82. Qd6+ Kg2 83. Qd2+ Qf2 84. Qd5+ Qf3 85. Qd2+ Kg3 86. Qd6+ Qf4 87. Qd3+ Kg2 88. Qe2+ Kh3 89. Qd3+ g3 90. Qh7+ Qh4 91. Qb1 g2 0-1

[Event "Balatonlelle IM"]
[Site "Balatonlelle HUN"]
[Date "2006.06.21"]
[Round "5"]
[White "Kaufman, Raymond"]
[Black "Shanmugam, Ravindran"]
[Result "1-0"]
[WhiteElo "2230"]
[BlackElo "2156"]
[PlyCount "131"]
[GameId "2129405112129445"]
[EventDate "2006.06.17"]
[EventType "tourn"]
[EventRounds "9"]
[EventCountry "HUN"]
[EventCategory "3"]
[SourceTitle "The Week in Chess 607"]
[Source "Mark Crowther"]
[SourceDate "2006.06.26"]
[SourceVersion "1"]
[SourceVersionDate "2006.06.26"]
[SourceQuality "2"]

1. d4 d5 2. c4 c6 3. Nf3 e6 4. Nbd2 f5 5. Ne5 Nf6 6. g3 Nbd7 7. Nd3 Bd6 8. Bg2 O-O 9. O-O b6 10. Qa4 Bb7 11. Nf3 Ne4 12. Bf4 a6 13. Rac1 b5 14. cxb5 cxb5 15. Qb3 Qb6 16. Bxd6 Qxd6 17. Rc2 Rfc8 18. Rfc1 Rc4 19. e3 Rac8 20. Nfe5 Nxe5 21. Nxe5 Rxc2 22. Rxc2 Rxc2 23. Qxc2 Nf6 24. a4 Nd7 25. axb5 axb5 26. Nd3 Qc6 27. Qxc6 Bxc6 28. Nb4 Nb8 29. Bf1 Be8 30. Be2 Kf8 31. Kf1 Ke7 32. Ke1 Kd6 33. Kd2 Kc7 34. Kc3 Kb6 35. g4 g6 36. g5 Bc6 37. Nd3 Nd7 38. Kb4 Nf8 39. Ne5 Be8 40. Nd3 Bc6 41. Nf4 Be8 42. h4 Bd7 43. f3 Be8 44. Bd3 Bc6 45. Ne2 Nd7 46. Nc3 e5 47. Bxb5 exd4 48. exd4 Bxb5 49. Nxb5 Nb8 50. Nd6 Nc6+ 51. Kc3 f4 52. Ne8 Ne7 53. Nf6 Nf5 54. Nxd5+ Kc6 55. Nxf4 Nxh4 56. Nd3 Nxf3 57. Ne5+ Nxe5 58. dxe5 Kd5 59. b4 Kxe5 60. b5 Kd5 61. Kb4 Kd6 62. b6 Kc6 63. Ka5 Kb7 64. Kb5 Kb8 65. Kc6 Ka8 66. Kc7 1-0

[Event "Balatonlelle IM"]
[Site "Balatonlelle HUN"]
[Date "2006.06.22"]
[Round "6"]
[White "Kaufman, Raymond"]
[Black "Porat, Ido"]
[Result "0-1"]
[WhiteElo "2230"]
[BlackElo "2346"]
[PlyCount "116"]
[GameId "2129405112129451"]
[EventDate "2006.06.17"]
[EventType "tourn"]
[EventRounds "9"]
[EventCountry "HUN"]
[EventCategory "3"]
[SourceTitle "The Week in Chess 607"]
[Source "Mark Crowther"]
[SourceDate "2006.06.26"]
[SourceVersion "1"]
[SourceVersionDate "2006.06.26"]
[SourceQuality "2"]

1. d4 d5 2. c4 e5 3. dxe5 d4 4. Nf3 Nc6 5. g3 Nge7 6. Bg2 Ng6 7. Bg5 Qd7 8. e6 fxe6 9. O-O h6 10. Bh4 Nge7 11. Bxe7 Bxe7 12. Nbd2 O-O 13. Ne4 e5 14. Ne1 Qg4 15. Nd3 Bf5 16. Nd2 Qg6 17. c5 Kh8 18. Qb3 Rab8 19. Qc4 Bg5 20. Bxc6 Bxd2 21. Bg2 e4 22. Rad1 e3 23. Nf4 Qe8 24. Rxd2 exd2 25. Rd1 Be4 26. Rxd2 Bxg2 27. Kxg2 Qc6+ 28. Qd5 Qxd5+ 29. Nxd5 Rf5 30. Nxc7 Re5 31. Nb5 d3 32. e3 b6 33. Nd6 Rd5 34. e4 Rd4 35. Nb5 Rxe4 36. c6 Rc4 37. c7 Rf8 38. Rxd3 a6 39. Nc3 Rxc7 40. Rd6 Rb8 41. f4 Rbb7 42. Rd2 Rd7 43. Rf2 Rd4 44. Re2 Rbd7 45. Ne4 Re7 46. Kf3 Rd3+ 47. Kf2 Rd4 48. Kf3 Rd3+ 49. Kf2 Kg8 50. g4 Kf8 51. f5 Re5 52. Kg2 h5 53. h3 a5 54. Re1 a4 55. Re2 b5 56. a3 h4 57. Re1 Rg3+ 58. Kh2 Rf3 0-1

[Event "FSIM 2006.06"]
[Site "Budapest HUN"]
[Date "2006.06.06"]
[Round "2"]
[White "Kaufman, Raymond"]
[Black "Muranyi, Karl Jasmin"]
[Result "1-0"]
[WhiteElo "2230"]
[BlackElo "2385"]
[PlyCount "93"]
[GameId "2129405112260651"]
[EventDate "2006.06.05"]
[EventType "tourn"]
[EventRounds "11"]
[EventCountry "HUN"]
[EventCategory "2"]
[SourceTitle "The Week in Chess 605"]
[Source "Mark Crowther"]
[SourceDate "2006.06.12"]
[SourceVersion "1"]
[SourceVersionDate "2006.06.12"]
[SourceQuality "2"]

1. e4 c6 2. d4 d5 3. Nd2 g6 4. Ngf3 Bg7 5. h3 Nf6 6. e5 Nfd7 7. Bd3 Na6 8. c3 Nc7 9. Nf1 Nf8 10. Ng3 Bd7 11. O-O h6 12. a4 Qc8 13. Nh4 Bxh3 14. gxh3 Qxh3 15. Ng2 Nfe6 16. Ne2 Ng5 17. f4 Nf3+ 18. Kf2 Nh2 19. Rg1 Ng4+ 20. Ke1 h5 21. Ne3 Ne6 22. Nxg4 hxg4 23. Kd2 g5 24. Kc2 c5 25. Bb5+ Kf8 26. f5 Nc7 27. Bxg5 a6 28. f6 exf6 29. exf6 axb5 30. fxg7+ Kxg7 31. dxc5 Qh7+ 32. Qd3 Qxd3+ 33. Kxd3 Rh3+ 34. Kd2 f5 35. axb5 Re8 36. Bf4 Ne6 37. Be5+ Kg6 38. c6 bxc6 39. bxc6 Kg5 40. c7 f4 41. Ra6 Kf5 42. Nd4+ Nxd4 43. cxd4 f3 44. Rf6+ Kg5 45. Rf7 f2 46. Rxf2 Rb3 47. Kc2 1-0

[Event "FSIM 2006.06"]
[Site "Budapest HUN"]
[Date "2006.06.07"]
[Round "3"]
[White "Mihok, Oliver"]
[Black "Kaufman, Raymond"]
[Result "1/2-1/2"]
[WhiteElo "2215"]
[BlackElo "2230"]
[PlyCount "41"]
[GameId "2129405112260656"]
[EventDate "2006.06.05"]
[EventType "tourn"]
[EventRounds "11"]
[EventCountry "HUN"]
[EventCategory "2"]
[SourceTitle "The Week in Chess 605"]
[Source "Mark Crowther"]
[SourceDate "2006.06.12"]
[SourceVersion "1"]
[SourceVersionDate "2006.06.12"]
[SourceQuality "2"]

1. e4 e5 2. Nf3 Nc6 3. d4 exd4 4. Nxd4 Bb4+ 5. c3 Bc5 6. Be3 Bb6 7. Nf5 Bxe3 8. Nxe3 Nge7 9. Bc4 O-O 10. O-O d6 11. Nd2 Kh8 12. Nf3 h6 13. Nd4 Nxd4 14. cxd4 f5 15. f3 c6 16. Qb3 d5 17. exd5 f4 18. Nc2 cxd5 19. Bd3 Bf5 20. Rfe1 Rc8 21. Re2 1/2-1/2